Surgimiento y evolución de los partidos políticos en Chile, 1857-2003
Պահպանված է:
| Հիմնական հեղինակ: | |
|---|---|
| Ձևաչափ: | Գիրք |
| Լեզու: | իսպաներեն |
| Հրապարակվել է: |
Concepción
Universidad Católica de la Santísima Concepción
2006
|
| Խորագրեր: | |
| Ցուցիչներ: |
Ավելացրեք ցուցիչ
Չկան պիտակներ, Եղեք առաջինը, ով նշում է այս գրառումը!
|
MARC
| LEADER | 00000cam a2200000 a 4500 | ||
|---|---|---|---|
| 001 | UCG9863 | ||
| 003 | CL-VaPUC | ||
| 008 | 120412e20060000CL |||||||||||||||||spa|d | ||
| 020 | |a 9567943052 | ||
| 082 | 0 | 4 | |a 924.283 |b ETC |2 21 |
| 100 | 0 | |a Etchepare Jensen, Jaime Antonio |e author |9 561584 | |
| 245 | 1 | 0 | |a Surgimiento y evolución de los partidos políticos en Chile, 1857-2003 |
| 300 | |a 510 p | ||
| 942 | |c BK | ||
| 945 | |d 20120412 00:00:00 |a dcastane | ||
| 260 | |a Concepción |b Universidad Católica de la Santísima Concepción |c 2006 | ||
| 650 | 0 | |a Partidos políticos |9 254999 | |
| 650 | 0 | |a Historia política |9 256974 | |
| 650 | 0 | |a Presidentes |9 255176 | |
| 650 | 0 | |a Política y gobierno |9 255151 | |
| 651 | 7 | |a CHILE |2 CL-VaPUC |9 561585 | |
| 583 | |a last modification |c 20120412 10:24:00 |k Rodrigo Vera | ||
| 999 | |c 347391 |d 347389 | ||
| 952 | |0 0 |1 0 |4 0 |6 924_283000000000000_ETC_2006 |7 0 |8 A |9 448693 |a BIBHIS |b BIBHIS |d 2019-11-22 |i 4854322 |o 924.283 ETC 2006 |p 4854322 |r 2025-01-20 |w 2019-11-22 |y BK |k HIS | ||